Organizácia a technika zahraničného obchodu pre 3. ročník stredných ekonomických škôl - študijný odbor zahraničný obchod

Bibliographic Details
Main Authors: Onduš, Michal, 1929-1983 (Author), Grandtnerová, Svetla (Author), Hlaváč, Jozef (Author)
Format: Book
Language:Slovak
PhysicalDescription:149 s. 29 cm
Published: Bratislava Slovenské pedagogické nakladateľstvo 1979
Edition:1 vyd.
Subjects:

MARC

LEADER 00000cam a2200000 a 4500
001 vtls001113801
003 SK-MaSNL
005 20260301055348.0
008 250313s1979 xo 000 0 slo
015 |a SNBA1979 
035 |a SNK000056644 
035 |a urn:nbn:sk:snk-aml9wq 
035 |a urn:nbn:sk:snk-am008r40 
035 |a FA6B268F-A9D6-4CCD-9B17-FF05F63354A3 
040 |a SNK  |b slo  |c SNK  |e AACR2 
041 0 |a slo 
044 |a xo  |c SK 
080 |a 339.52/.56(075.3)  |2 1981 
100 1 |a Onduš, Michal,  |d 1929-1983  |4 aut  |9 49220 
245 1 0 |a Organizácia a technika zahraničného obchodu pre 3. ročník stredných ekonomických škôl  |b - študijný odbor zahraničný obchod  |c Michal Onduš, Svetla Grandtnerová, Jozef Hlaváč 
250 |a 1 vyd. 
260 |a Bratislava  |b Slovenské pedagogické nakladateľstvo  |c 1979 
300 |a 149 s.  |c 29 cm 
366 |e 870 výt. 
650 0 7 |a zahraničný obchod  |2 SNKPH  |9 2200 
655 7 |a učebnice stredných škôl  |2 SNKPH  |9 69323 
700 1 |a Grandtnerová, Svetla  |4 aut  |9 368842 
700 1 |a Hlaváč, Jozef  |4 aut  |9 7076 
852 |a Slovenská národná knižnica 
958 |a OND 
999 |c 613189  |d 615119 
952 |a SNK  |b SNK  |y PREZ  |7 0  |p 17A0971163  |o snkSB 27522  |i snkKSP 433/79  |0 0  |1 0  |4 0  |d 2014-07-16  |f 1  |l 0  |r 2025-04-01 00:00:00  |w 2026-02-23